[Event "FIDE Online-ch U18 Open 2020"]
[Site "Online"]
[Date "2020.12.19"]
[Round "2.3"]
[White "Sargsyan, Shant"]
[Black "Iniyan, P."]
[Result "1-0"]
[WhiteElo "2596"]
[BlackElo "2506"]
[Annotator "TA"]
[PlyCount "147"]
[EventDate "2020.12.19"]
[EventType "k.o."]
[EventCountry "NET"]
[SourceTitle "playchess.com"]
[Source "ChessBase"]
[SourceQuality "1"]

{[%evp 13,147,3,21,14,13,13,24,12,19,21,51,0,0,-6,0,-32,0,0,0,0,25,0,0,0,43,-39,0,0,3,0,0,0,0,0,0,0,0,0,0,0,0,0,0,0,0,0,0,0,0,0,0,0,0,0,0,0,0,0,0,0,0,0,0,0,0,0,8,8,11,11,20,20,18,0,0,0,8,0,0,0,106,103,93,91,87,124,124,114,118,58,80,39,80,79,78,79,79,79,100,60,406,322,394,356,364,356,356,351,351,351,342,302,29968,29969,29969,29970,29969,29972,29972,29971,29973,29974,29971,29973,29978,29979,29978,29979,29982,29981,29981,29982,29983,29984,29984,29976]} 1. d4 Nf6 2. Nf3 e6 3. c4 b6 4. g3 Ba6 5. Qa4 c5 6. Bg2 Bb7 7. dxc5 bxc5 8. O-O {E15: Queen's Indian: 4 g3 sidelines, 4 g3 Ba6 and 4 g3 Bb7 early deviations.} Be7 9. Rd1 O-O 10. Bf4 {White has an edge.} Qb6 11. Qb3 Rd8 12. Nc3 ({Better is} 12. Qxb6 $1 $14 axb6 13. Bc7) 12... d6 $11 13. Rd2 Nc6 14. Rad1 {[%cal Rf4d6]} Ne8 15. Qxb6 axb6 16. b3 h6 17. g4 Nb4 18. a4 {[#]} d5 $146 ({Predecessor:} 18... Bf6 19. Nb5 e5 20. Bg3 e4 21. Nh4 g6 22. Nxd6 Nxd6 23. Rxd6 Be7 24. Rxd8+ Rxd8 25. Rxd8+ Bxd8 {½-½ (35) Oikamo,T (2502)-Serner,A (2473) ICCF email 2012}) 19. Ne1 ({White should play} 19. Ne5 $14) 19... Nf6 20. h3 Rd7 21. Nb5 d4 22. Bxb7 Rxb7 23. e3 Ne4 24. Re2 {[#]} d3 $1 {[%mdl 512]} 25. Nxd3 Rd8 26. Nb2 Rxd1+ 27. Nxd1 Rd7 28. Ndc3 Nxc3 29. Nxc3 Rd3 30. Nb5 $1 Rxb3 31. Bc7 Rb1+ 32. Kg2 Ra1 33. Bxb6 Rxa4 34. Rd2 Nc6 35. Rd7 {[#] Rc7 is the strong threat.} Bh4 {And now ...Ra2 would win.} 36. Rc7 Ne5 37. Rxc5 Nxc4 38. Rc8+ Kh7 39. Bd4 Nd2 40. Rc7 f6 41. Nd6 {White wants to play Ne8.} Nb3 42. Bc3 Ra2 43. Ne8 {Black must now prevent Nxf6+.} Rxf2+ 44. Kg1 Rf3 45. Rxg7+ Kh8 46. Rf7 {[%cal Rc3f6]} Nc5 (46... Kg8 $11 47. Rc7 e5) 47. Bxf6+ $16 Kg8 48. Rg7+ Kf8 49. Bxh4 Kxe8 {[%mdl 4096] Endgame KRB-KRN} 50. Kg2 Rxe3 51. Bf2 (51. Rh7 $16) 51... Rc3 52. Rg6 Kf7 53. Rxh6 {Strongly threatening Rh7+.} Ne4 {Threatening ...Rc2.} 54. Be1 Re3 55. Bh4 e5 56. Rh5 Nc5 $2 {[%mdl 8192] A mistake that costs the game.} (56... Ke6 $14) 57. Rf5+ Ke6 58. Rf6+ Kd5 59. Bf2 Re2 60. Kf1 Rc2 61. Bxc5 {Cut Off at move 61} Rxc5 $18 {KR-KR} 62. g5 Ke4 $2 (62... Rc1+ $18 63. Kg2 e4) 63. g6 {White mates.} Rc1+ 64. Kg2 Rc2+ 65. Kg3 Rc1 66. Kg4 Rg1+ 67. Kh5 Kd3 68. Kh6 Rg3 69. h4 e4 70. Rd6+ Kc4 71. h5 e3 72. Re6 Kd4 73. g7 Rg4 74. Rd6+ {Weighted Error Value: White=0.10/Black=0.26} 1-0

[Event "FIDE Online-ch U18 Open 2020"]
[Site "Online"]
[Date "2020.12.19"]
[Round "3.1"]
[White "Gholami Orimi, Mahdi"]
[Black "Sargsyan, Shant"]
[Result "1/2-1/2"]
[WhiteElo "2428"]
[BlackElo "2596"]
[Annotator "TA"]
[PlyCount "112"]
[EventDate "2020.12.19"]
[EventType "k.o."]
[EventCountry "NET"]
[SourceTitle "playchess.com"]
[Source "ChessBase"]
[SourceQuality "1"]

{[%evp 12,112,12,0,13,6,1,-4,-2,-20,0,0,-2,-5,0,0,0,-12,1,2,7,5,65,66,78,75,71,71,65,12,12,0,10,0,0,-29,-21,-29,-4,-47,0,0,12,-18,-21,-77,-51,-91,-41,-40,-11,-16,-8,-8,-8,-8,-8,-166,-8,-8,-5,-8,0,0,0,0,0,0,-1,-8,0,0,0,0,0,0,0,0,0,0,0,0,0,0,0,0,0,0,0,0,0,0,0,0,0,0,0,0,0,0,0,-18,0]} 1. d4 Nf6 2. c4 e6 3. g3 d5 4. Nf3 Bb4+ 5. Bd2 a5 6. Bg2 O-O 7. Qc2 c5 {E11: Bogo-Indian.} 8. O-O (8. cxd5 {is more complex.} cxd4 9. Nxd4 exd5 10. O-O Nc6 11. Nxc6 bxc6 12. Qxc6 Bg4 13. e3) 8... cxd4 9. Bxb4 axb4 10. Nxd4 Nc6 {[#]} 11. Nxc6 $146 ({Predecessor:} 11. Rd1 Nxd4 12. Rxd4 e5 13. Rd1 d4 14. Nd2 Qc7 15. Ne4 Nxe4 16. Bxe4 h6 17. Bd5 {0-1 (23) Tica,S (2402)-Van Foreest,J (2673) chess.com INT 2020}) 11... bxc6 12. Nd2 Qe7 13. e4 Ba6 14. Rfe1 Rfd8 15. a3 bxa3 16. Rxa3 Bb7 (16... dxc4 $11 17. Nxc4 Bb5) 17. Rxa8 $14 Rxa8 18. exd5 cxd5 {[#]} 19. c5 $1 Bc6 20. Nf3 (20. b4 $14) 20... Qb7 $1 $11 21. Ne5 Qb4 22. Rc1 Bb5 $1 23. h3 Ne8 24. Bf1 $1 Nc7 25. Bxb5 Nxb5 (25... Qxb5 $15 26. Nf3 f6) 26. Nc6 Qa4 27. Qxa4 (27. Qd2 {keeps more tension.} f6 28. b4 Nc7 29. Nd4 e5 30. Nf5) 27... Rxa4 {[%mdl 4096] Endgame KRN-KRN} 28. Ne5 (28. f4 $11 {keeps the balance.}) 28... Kf8 29. c6 {Hoping for c7.} Nc7 30. b4 $1 {[%cal Rb4b5] White wants to play b5!} Rxb4 {...Ke7 is the strong threat.} 31. Ra1 $1 {[%cal Ra1a7]} f6 32. Ra7 $1 fxe5 33. Rxc7 {KR-KR} Rc4 {next ...Rc1+ is good for Black.} 34. h4 $2 {[#]} (34. f3 $11) 34... h5 $2 (34... Rc1+ $1 $19 35. Kg2 e4) 35. Kf1 {The position is equal.} e4 36. Ke2 Kg8 37. Ke3 Rc2 38. Rc8+ Kf7 {And now ...Ke7 would win.} 39. c7 $1 Ke7 {White must now prevent ...g6.} 40. Rg8 Rxc7 {Strongly threatening ...Kf6.} 41. Rxg7+ Kd6 42. Rxc7 Kxc7 {KP-KP} 43. g4 $1 {[%cal Rg4h5]} Kd6 ({Don't blunder} 43... hxg4 $2 44. h5 $18) (43... Kd8 $5 44. g5 $8 (44. gxh5 $2 Ke7 $19) 44... e5 $11) 44. g5 $1 Ke5 45. Ke2 d4 46. Kd2 Kf5 47. Ke2 e5 48. Kd2 Ke6 49. Ke2 Kd5 50. Kd2 Kd6 51. Ke2 Ke6 52. Kd2 Kf5 53. Ke2 Kg6 54. Kd2 Kf5 55. Ke2 Kg6 56. Kd2 Kf5 {Accuracy: White = 82%, Black = 80%.} 1/2-1/2

[Event "FIDE Online-ch U18 Open 2020"]
[Site "Online"]
[Date "2020.12.19"]
[Round "3.2"]
[White "Sargsyan, Shant"]
[Black "Gholami Orimi, Mahdi"]
[Result "1-0"]
[WhiteElo "2596"]
[BlackElo "2428"]
[Annotator "TA"]
[PlyCount "247"]
[EventDate "2020.12.19"]
[EventType "k.o."]
[EventCountry "NET"]
[SourceTitle "playchess.com"]
[Source "ChessBase"]
[SourceQuality "1"]

{[%evp 9,247,75,78,72,72,74,68,50,83,67,52,59,100,100,100,99,95,82,90,91,99,87,101,97,130,113,151,150,161,149,158,164,203,198,178,145,140,137,145,156,147,130,365,173,172,123,131,104,104,97,103,104,99,99,100,99,89,75,89,89,89,47,89,75,89,89,89,89,89,64,89,13,89,8,8,9,8,0,0,0,0,0,0,0,0,0,0,0,0,0,0,0,0,0,0,0,0,0,0,0,0,0,116,0,0,0,157,0,0,0,167,0,104,0,0,0,0,0,105,0,0,0,0,0,0,0,0,0,0,0,0,0,0,0,0,0,56,0,0,0,0,0,0,0,0,0,0,0,10,24,114,114,149,71,113,116,198,142,924,322,437,338,309,308,300,300,488,468,1192,1012,1600,906,1530,1060,5018,5069,5093,3904,3783,3756,3760,3589,3054,2009,4371,4763,3712,527,4333,4056,3637,3115,3070,3300,1749,1739,29979,29981,29981,2111,1841,1580,1614,1580,1542,1467,1345,0,1252,908,1441,1369,2234,1853,1411,1335,29964,29966,29958,6945,29960,29969,29970,29972,29969,29974,29975,29975,29975,29972,12792,5833,4758,1413,1360,1168,2409,3746,29988,29989]} 1. d4 f5 2. Nc3 e6 3. e4 fxe4 4. Nxe4 Nf6 5. Nxf6+ Qxf6 6. Nf3 {A80: Dutch Defence: Unusual White second moves.} Nc6 7. Bg5 Qf7 8. Bd3 {White is slightly better.} d5 {[#]} 9. Qe2 $146 ({Predecessor:} 9. Qd2 Bd6 10. O-O-O h6 11. Be3 e5 12. Bb5 e4 13. Ne5 Bxe5 14. dxe5 {0-1 (30) Guerrero,G (1971)-Hernandez Fonseca,M (1983) Bucaramanga 2016}) 9... Bd6 10. Bh4 h6 11. O-O O-O 12. c3 Bd7 13. Rae1 g5 14. Bg3 Qg7 15. b4 {[%cal Bb2b4,Bb4b5][%mdl 32]} a6 16. a4 Ne7 17. b5 Nf5 18. Be5 ({Resist} 18. bxa6 Nxg3 19. fxg3 (19. hxg3 bxa6 20. c4 c6 $16) 19... bxa6 $16) 18... Qf7 19. h3 axb5 20. axb5 Ra3 21. Qb2 Rfa8 22. Ra1 Rxa1 23. Rxa1 Rxa1+ 24. Qxa1 Qe8 {[#]} 25. b6 $1 {[%mdl 512]} Qd8 $2 (25... Bxe5 $16 {keeps fighting.} 26. Nxe5 cxb6) (25... cxb6 26. Qa7) 26. bxc7 (26. Bxf5 $142 exf5 27. Qa5) 26... Bxc7 $18 27. Qa3 Be8 28. Bxc7 Qxc7 29. Bxf5 exf5 30. Ne5 Kg7 31. g3 Bf7 32. Kg2 Be6 33. f4 gxf4 34. gxf4 Bf7 35. Qc5 Qd8 36. Kg3 Be8 37. Qb4 Qc7 38. Kf2 Kg8 39. Qc5 Qd8 40. Ke3 ({White should play} 40. Ke2 $16) 40... Bf7 (40... b6 $11 41. Qa3 Qh4) 41. Nf3 (41. Ke2 $16) 41... Qe8+ 42. Kf2 Qe4 43. Qd6 Bh5 44. Qd8+ {[#]} Kh7 $1 {[%mdl 512]} 45. Qc7+ Kg8 46. Qb8+ Kh7 47. Qxb7+ Kg8 48. Qb8+ Kh7 49. Qc7+ Kg8 50. Qd8+ {[#]} Kh7 $1 {[%mdl 512]} 51. Qd7+ Kg8 52. Qd8+ {[#]} Kh7 $1 {[%mdl 512]} 53. Qc7+ Kg8 54. Ng1 Qc2+ 55. Kg3 Qb1 (55... Kh8 $11) 56. Qd8+ (56. Kh4 $1 $16 {[%cal Rh4h5]} Bg6 57. Ne2) 56... Kh7 $11 57. Qe7+ Kh8 $2 (57... Kg6 $11 58. Qd6+ Kg7 59. Qd7+ Kf6 60. Qc6+ Kg7 61. Qc7+ Kg6 62. Qc6+ Kg7 63. Qc7+ Kg6 64. Qc6+ Kh7 65. Qd7+ Kg6 66. Qe6+ Kg7) 58. Qf8+ $2 (58. Kh4 $16 Bg6 59. Qf6+ Kh7 60. Ne2) 58... Kh7 59. Qe7+ Kh8 $2 (59... Kg6 $11 60. Qe6+ Kg7 61. Qe7+ Kg6 62. Qe6+ Kg7 63. Qe7+ Kg6) 60. Qe3 $2 (60. Kh4 $18 Bg6 61. Qf6+ Kh7 62. Ne2) 60... Kh7 (60... Qc2 $11 {keeps the balance.}) 61. Nf3 {Cut Off at move 61} ({White must play} 61. Kh4 $1 $16 {[%cal Rh4h5]} Bf7 62. Nf3) 61... Bxf3 62. Kxf3 {[%mdl 4096] Endgame KQ-KQ} Qf1+ 63. Kg3 Qc4 (63... Qb1 $11) 64. Qe7+ ({White has to play} 64. h4 $1 $16) 64... Kg6 $1 65. Qe6+ Kg7 66. Qe7+ Kg6 $1 67. Qe3 (67. Kh4 {with more complications.} Qxc3 68. Qe8+ Kg7 69. Qd7+ Kf6 70. Qd6+) 67... Kg7 68. Kh4 Qc6 69. Qe5+ Kg6 70. Qe1 Kg7 71. Kg3 Qc4 72. Kf2 {Black must now prevent Qe5+.} Qc6 (72... Qd3 $1 $11) 73. Ke3 (73. h4 $14) 73... Qc4 74. Kd2 Qa2+ $1 75. Kd3 Qc4+ 76. Ke3 Kf7 77. Qa1 Kg6 78. Kd2 Qc7 79. Qg1+ Kf6 (79... Kf7 $11 {remains equal.}) 80. Qe3 $16 {Threatens to win with Qe5+.} Qc6 81. h4 ({Better is} 81. Qe5+ Kg6 82. Qe7) 81... Kg6 82. Qe2 $1 Qd7 (82... Qb7 $16) 83. h5+ (83. c4 $18) 83... Kf6 $2 {[%mdl 8192]} (83... Kh7 $16 84. c4 Qb7) 84. Qe5+ (84. Qa6+ $142 Kg7 85. Qg6+ Kh8 86. Qxh6+ Kg8 87. Qg5+ Kh7 88. Qf6) 84... Kf7 $18 85. Qh8 Qe6 {[#]} 86. Qh7+ $1 Kf8 {[#]} 87. Kd1 $1 Qf6 $2 (87... Ke8 88. Qh8+ Kf7) 88. Qd7 Qh4 (88... Qa6 $142 89. Qxf5+ Kg7 90. Qe5+ Kh7) 89. Qxf5+ Ke8 90. Qe5+ Kf8 91. Qxd5 Qxf4 92. Kc2 Qf1 93. Qd6+ Ke8 94. Qg6+ Kd7 95. Qh7+ Kd8 96. Qg8+ Kd7 97. Qd5+ Kc7 98. Kb2 (98. Kb3 $142 {Strongly threatening Qc4+.} Qb1+ 99. Ka4) 98... Qe2+ 99. Ka3 Qc2 100. Kb4 Qb1+ 101. Kc5 Qb6+ 102. Kc4 Qa6+ 103. Kb4 Qa1 104. Qf7+ (104. Qa5+ $142 Qxa5+ 105. Kxa5 Kd7 106. c4 Kc7 107. c5 Kc6 108. Kb4 Kd5 109. Kb5) 104... Kc8 105. Qf8+ Kc7 106. Qg7+ Kc8 107. Qg8+ Kc7 108. Qf7+ Kc8 $1 109. Qb3 Qh1 110. Qg8+ Kc7 111. Qg7+ Kc8 112. Qxh6 Qb7+ 113. Kc5 Qa7+ 114. Kd5 (114. Qb6 $142 Qe7+ 115. Qd6 Qe1 116. Qc6+ Kb8 117. c4 Qe2 118. h6 Qa2 119. Qd7 Qa3+ 120. Kb6) 114... Qa2+ 115. Ke5 Qe2+ 116. Kf6 Qf3+ 117. Kg7 Qxc3 118. Qe6+ Kb7 119. Qe7+ Ka6 120. Qf6+ (120. Qd6+ $142 Kb7 121. h6) 120... Ka5 121. h6 (121. Qe5+ $142 Ka4 122. h6) 121... Qg3+ 122. Kh7 {Intending Qe5+ and mate.} Qc7+ 123. Kg6 {White wants to mate with Qe5+.} Qg3+ 124. Qg5+ {Weighted Error Value: White=0.22/Black=0.32} 1-0

[Event "FIDE Online-ch U18 Open 2020"]
[Site "Online"]
[Date "2020.12.19"]
[Round "4.1"]
[White "Sargsyan, Shant"]
[Black "Nihal Sarin"]
[Result "1/2-1/2"]
[WhiteElo "2596"]
[BlackElo "2620"]
[Annotator "TA"]
[PlyCount "91"]
[EventDate "2020.12.19"]
[EventType "k.o."]
[EventCountry "NET"]
[SourceTitle "playchess.com"]
[Source "ChessBase"]
[SourceQuality "1"]

{[%evp 18,91,38,35,42,28,25,16,35,18,60,58,67,78,99,102,119,82,79,74,84,58,99,79,82,79,108,98,106,63,66,57,56,58,60,60,65,60,81,56,56,56,78,66,69,41,51,25,85,25,25,32,43,33,46,0,0,0,0,0,0,0,0,0,0,0,0,0,0,0,0,0,0,0,0,0]} 1. d4 Nf6 2. c4 e6 3. Nf3 b6 4. g3 Bb4+ 5. Bd2 Bxd2+ 6. Qxd2 Ba6 7. b3 c6 8. Bg2 d5 9. O-O O-O 10. Ne5 Nfd7 {E15: Queen's Indian: 4 g3 sidelines, 4 g3 Ba6 and 4 g3 Bb7 early deviations.} 11. Nd3 Nf6 12. Nc3 {[#]} Nbd7 $146 ({Predecessor:} 12... Qe7 13. a4 Rd8 14. Ne5 Nfd7 15. f4 f6 16. Nxd7 Nxd7 17. a5 dxc4 18. axb6 axb6 19. Bxc6 {1-0 (52) Michael,D (2370)-Gierth,K (2187) ICCF email 2011}) 13. Rfd1 Rc8 14. a4 {[%cal Ba2a4,Ba4a5,Ba5a6][%mdl 32]} Qe7 15. a5 {[#] axb6 is the strong threat.} b5 16. cxd5 cxd5 17. Na2 Bb7 {[#]} 18. a6 $1 {[%mdl 512]} Ba8 (18... Bxa6 19. Nab4) 19. Rdc1 Qd6 20. Nab4 Ne4 21. Qb2 h5 22. f3 Nef6 23. Rxc8 Rxc8 24. Rc1 Rc7 25. e3 Ne8 26. Bf1 g6 27. Kf2 h4 28. Rxc7 Nxc7 29. Qc3 hxg3+ 30. hxg3 Kg7 31. Nc5 {Hoping for Nxd7.} Nb8 32. Qa1 Nc6 (32... e5 $11 {keeps the balance.}) 33. Nxc6 ({Better is} 33. Nbd3 $16) 33... Bxc6 $11 34. Qa5 Bd7 35. f4 Qc6 36. b4 Bc8 {The position is equal.} 37. Ke1 Bxa6 38. Kd2 (38. Qa3 {is interesting.} Qb6 39. Nd7 Qd6 40. Ne5 Bc8 41. Qc3) 38... Qb6 39. Qxb6 axb6 {[%mdl 4096] Endgame KBN-KBN} 40. Nd7 Bb7 41. g4 Bc6 42. Ne5 Be8 43. g5 Kf8 44. Bd3 Ke7 45. Kc3 Na6 46. Bc2 {Accuracy: White = 77%, Black = 87%.} 1/2-1/2

[Event "FIDE Online-ch U18 Open 2020"]
[Site "Online"]
[Date "2020.12.19"]
[Round "4.1"]
[White "Gholami Orimi, Mahdi"]
[Black "Sonis, Francesco"]
[Result "0-1"]
[WhiteElo "2428"]
[BlackElo "2483"]
[Annotator "RC"]
[PlyCount "172"]
[EventDate "2020.12.19"]
[EventType "k.o."]
[EventCountry "NET"]
[SourceTitle "playchess.com"]
[Source "ChessBase"]
[SourceQuality "1"]

1. d4 {[%emt 0:00:00]} d5 {[%emt 0:00:03]} 2. c4 {[%emt 0:00:03]} e6 {[%emt 0:00:01]} 3. Nf3 {[%emt 0:00:04]} Nf6 {[%emt 0:00:05]} 4. g3 {[%emt 0:00:04]} Bb4+ {[%emt 0:00:11]} 5. Bd2 {[%emt 0:00:03]} a5 {[%emt 0:00:02]} 6. Qc2 {[%emt 0:00:10]} O-O {[%emt 0:00:04]} 7. Bg2 {[%emt 0:00:04]} c6 {[%emt 0:00:02]} 8. O-O {[%emt 0:00:09]} b6 {[%emt 0:00:07]} 9. Nc3 {[%emt 0:00:28]} Ba6 {[%emt 0:00:25]} 10. Ne5 {[%emt 0:02:45]} Nfd7 {[%emt 0:00:25]} 11. Nxd7 {[%emt 0:00:58]} Nxd7 {[%emt 0:00:25]} 12. cxd5 {[%emt 0:00:03]} cxd5 {[%emt 0:00:04]} 13. Rfc1 {[%emt 0:00:03]} Rc8 {[%emt 0:00:45]} 14. a3 {[%emt 0:00:45]} Bxc3 {[%emt 0:03:02]} 15. Bxc3 {[%emt 0:00:03]} Nf6 {[%emt 0:00:01]} 16. f3 {[%emt 0:00:56]} Ne8 {[%emt 0:00:43]} 17. a4 {[%emt 0:01:38]} Nd6 {[%emt 0:00:08]} 18. b3 {[%emt 0:00:07]} b5 {[%emt 0:01:10]} 19. Qd2 {[%emt 0:01:29]} b4 {[%emt 0:00:06]} 20. Bb2 {[%emt 0:00:03]} Qb6 {[%emt 0:00:04]} 21. Qe3 {[%emt 0:01:14]} Nf5 {[%emt 0:00:20]} 22. Qf2 {[%emt 0:00:05]} Nd6 {[%emt 0:00:30]} 23. e4 {[%emt 0:01:24]} Bd3 {[%emt 0:01:25]} 24. e5 {[%emt 0:00:13]} Nb7 {[%emt 0:00:33]} 25. Qd2 {[%emt 0:00:19]} Bg6 {[%emt 0:00:10]} 26. Bf1 {[%emt 0:00:24]} f6 {[%emt 0:02:12]} 27. Kg2 {[%emt 0:03:03]} fxe5 {[%emt 0:03:41]} 28. dxe5 {[%emt 0:00:02]} Nc5 {[%emt 0:00:05]} 29. Qe3 {[%emt 0:00:12]} Nd7 {[%emt 0:00:20]} 30. Bd4 {[%emt 0:01:23]} Qb7 {[%emt 0:00:07]} 31. Bb5 {[%emt 0:00:33]} Rxc1 {[%emt 0:00:22]} 32. Rxc1 {[%emt 0:00:02]} Rc8 {[%emt 0:00:04]} 33. h4 {[%emt 0:00:14]} Nf8 {[%emt 0:00:28]} 34. g4 {[%emt 0:00:50]} h5 {[%emt 0:00:03]} 35. Kg3 {[%emt 0:00:20]} hxg4 {[%emt 0:00:55]} 36. fxg4 {[%emt 0:00:02]} Be4 {[%emt 0:00:06]} 37. h5 {[%emt 0:00:19]} Rc7 {[%emt 0:01:13]} 38. Be2 {[%emt 0:00:33]} Qc8 {[%emt 0:00:20]} 39. Rxc7 {[%emt 0:00:03]} Qxc7 {[%emt 0:00:01]} 40. Bd1 {[%emt 0:00:17]} Nd7 {[%emt 0:00:08]} 41. h6 {[%emt 0:00:10]} Nf8 {[%emt 0:00:30]} 42. Qg5 {[%emt 0:00:08]} Ng6 {[%emt 0:00:13]} 43. hxg7 {[%emt 0:00:10]} Qxg7 {[%emt 0:00:05]} 44. Qd8+ {[%emt 0:00:13]} Kh7 {[%emt 0:00:02]} 45. Qg5 {[%emt 0:00:04]} Kg8 {[%emt 0:00:02]} 46. Be2 {[%emt 0:00:05]} Kh7 {[%emt 0:00:08]} 47. Bb5 {[%emt 0:00:10]} Bc2 {[%emt 0:00:14]} 48. Qc1 {[%emt 0:00:15]} Bxb3 {[%emt 0:00:05]} 49. Bd3 {[%emt 0:00:09]} Kg8 {[%emt 0:00:13]} 50. Qc6 {[%emt 0:00:14]} Nf8 {[%emt 0:00:02]} 51. Qe8 {[%emt 0:00:08]} Bd1 {[%emt 0:00:08]} 52. Qh5 {[%emt 0:00:09]} b3 {[%emt 0:00:05]} 53. Bb5 {[%emt 0:00:12]} Ng6 {[%emt 0:00:24]} 54. Qg5 {[%emt 0:00:10]} Qf7 {[%emt 0:00:09]} 55. Qe3 {[%emt 0:00:11]} Qh7 {[%emt 0:00:06]} 56. Qg5 {[%emt 0:00:07]} Qf7 {[%emt 0:00:03]} 57. Qe3 {[%emt 0:00:02]} Kg7 {[%emt 0:00:33]} 58. Qd2 {[%emt 0:00:18]} Qf3+ {[%emt 0:00:02]} 59. Kh2 {[%emt 0:00:06]} Qxg4 {[%emt 0:00:15]} 60. Qf2 {[%emt 0:00:19]} Nf4 {[%emt 0:00:14]} 61. Qg3 {[%emt 0:00:11]} Kg6 {[%emt 0:00:24]} 62. Bd3+ {[%emt 0:00:10]} Nxd3 {[%emt 0:00:07]} 63. Qxd3+ {[%emt 0:00:02]} Kg7 {[%emt 0:00:05]} 64. Qg3 {[%emt 0:00:10]} Qxg3+ {[%emt 0:00:17]} 65. Kxg3 {[%emt 0:00:02]} Bh5 {[%emt 0:00:01]} 66. Kf4 {[%emt 0:00:07]} Be8 {[%emt 0:00:02]} 67. Bb2 {[%emt 0:00:27]} Bxa4 {[%emt 0:00:02]} 68. Bc3 {[%emt 0:00:13]} Bd7 {[%emt 0:00:02]} 69. Bb2 {[%emt 0:00:02]} Kg6 {[%emt 0:00:02]} 70. Kg4 {[%emt 0:00:07]} a4 {[%emt 0:00:02]} 71. Kf4 {[%emt 0:00:07]} Bc6 {[%emt 0:00:02]} 72. Ke3 {[%emt 0:00:24]} Kf5 {[%emt 0:00:02]} 73. Kd4 {[%emt 0:00:02]} Be8 {[%emt 0:00:01]} 74. Ba3 {[%emt 0:00:02]} Kf4 {[%emt 0:00:03]} 75. Bc1+ {[%emt 0:00:06]} Kf3 {[%emt 0:00:01]} 76. Kd3 {[%emt 0:00:01]} Bb5+ {[%emt 0:00:04]} 77. Kd4 {[%emt 0:00:03]} Ke2 {[%emt 0:00:01]} 78. Kc3 {[%emt 0:00:05]} Bc4 {[%emt 0:00:08]} 79. Ba3 {[%emt 0:00:03]} Kd1 {[%emt 0:00:04]} 80. Bb2 {[%emt 0:00:08]} Bb5 {[%emt 0:00:02]} 81. Ba3 {[%emt 0:00:02]} Be8 {[%emt 0:00:03]} 82. Bb2 {[%emt 0:00:05]} d4+ {[%emt 0:00:03]} 83. Kb4 {[%emt 0:00:30]} Kc2 {[%emt 0:00:03]} 84. Ka3 {[%emt 0:00:02]} d3 {[%emt 0:00:02]} 85. Bc3 {[%emt 0:00:01]} d2 {[%emt 0:00:05]} 86. Bxd2 {[%emt 0:00:03]} b2 {[%emt 0:00:02]} 0-1

[Event "FIDE Online-ch U18 Open 2020"]
[Site "Online"]
[Date "2020.12.19"]
[Round "4.2"]
[White "Nihal Sarin"]
[Black "Sargsyan, Shant"]
[Result "1-0"]
[WhiteElo "2620"]
[BlackElo "2596"]
[Annotator "TA"]
[PlyCount "115"]
[EventDate "2020.12.19"]
[EventType "k.o."]
[EventCountry "NET"]
[SourceTitle "playchess.com"]
[Source "ChessBase"]
[SourceQuality "1"]

{[%evp 12,115,0,0,4,0,12,4,18,20,9,0,38,39,56,57,57,69,93,63,78,70,68,74,67,79,81,54,86,52,114,109,166,70,81,64,59,52,65,25,24,17,20,17,37,30,44,35,54,37,43,31,26,30,44,43,57,48,56,46,59,0,0,-48,0,0,77,80,1086,1045,920,562,486,108,812,164,138,-6,-7,-8,-8,-225,-229,-235,-233,-223,-221,-229,309,308,299,289,29975,29975,12799,12798,29991,29992,29992,29993,29993,29994,29994,29994,29994,29995]} 1. d4 Nf6 2. c4 e6 3. Nf3 d5 4. Nc3 Bb4 5. Qa4+ Nc6 6. a3 Bxc3+ 7. bxc3 Ne4 {D38: Queen's Gambit Declined: Ragozin Defence (4 Nf3 Bb4).} 8. e3 $5 {[%mdl 4] Exploring less charted territory.} O-O 9. Bd3 Nxc3 {The position is equal.} 10. Qc2 Ne4 {[#]} 11. O-O $5 $146 {[%mdl 8] New and interesting.} ({Predecessor:} 11. Bxe4 dxe4 12. Qxe4 Na5 13. Qc2 c5 14. dxc5 Qe7 15. Bd2 Nc6 16. O-O Qxc5 17. Rfb1 {½-½ (47) Mamedyarov,S (2747)-Fressinet,L (2700) Huaian 2016}) 11... Na5 12. Ne5 Nf6 13. cxd5 exd5 14. Bd2 c6 15. Qc3 Nc4 16. Nxc4 dxc4 17. Qxc4 Be6 18. Qc2 Rc8 19. Rad1 Qd5 20. Bc3 b6 (20... Qg5 $14) 21. e4 $16 Qb3 (21... Qa2 $16 {keeps fighting.}) 22. Qxb3 (22. Qd2 $1 $18) 22... Bxb3 $14 23. Rc1 Rfd8 24. f3 Nd7 25. Rfe1 Nc5 26. Bc2 Bxc2 27. Rxc2 Ne6 28. Rd2 f6 29. Kf2 Kf7 30. Ke3 Rd7 31. Red1 Re8 32. Bb2 g6 33. Rc1 Nd8 34. a4 f5 35. Ba3 Re6 36. e5 ({White should try} 36. g4 $14) 36... g5 $11 37. f4 gxf4+ 38. Kxf4 Kg6 (38... Rh6 $11) 39. Rc3 $16 Rf7 $2 {[%mdl 8192]} (39... Rd5 $16) 40. Rg3+ $18 Kh6 41. d5 cxd5 {[#]} 42. Rxd5 $2 (42. Rg8 $1 $18 Rc6 43. Rxd8 Rc4+ 44. Ke3) 42... Nb7 $2 {[%mdl 8192]} (42... Re8 $16) 43. Rg5 $2 (43. Rdd3 Rg6 44. Rxg6+ hxg6 45. e6) 43... Rc6 {[#] aiming for ...Rc4+.} 44. Rd4 ({Better is} 44. Rg8 $1 $16 {Black must now prevent Bf8+.} Rc4+ {[%mdl 64] Double Attack} 45. Ke3) 44... Nd8 $1 $11 {[%cal Rd8e6]} 45. Rxd8 {White threatens Rd6+ and mate.} Rc4+ {[%mdl 64] Double Attack} 46. Ke3 $2 (46. Kf3 $1 $11 Kxg5 47. e6) 46... Kxg5 $19 {[%mdl 4096] Endgame KRR-KRB} 47. Rg8+ Kh5 48. Bd6 Rxa4 49. Kf3 b5 $4 {[%mdl 8192]} (49... Rd7 $19 {and all is fine. Threatens to win with ...f4.} 50. g3 b5) 50. e6 $18 Rf6 51. e7 Re4 $2 {[#]} (51... Re6 $18) 52. g4+ $1 {[%mdl 512]} Kh4 (52... Rxg4 53. e8=Q+) 53. gxf5 Re1 54. Bg3+ {[%mdl 64] Double Attack. White mates.} Kh3 55. Bxe1 Rxf5+ 56. Ke4 Rf1 57. Rg3+ Kxh2 58. e8=Q {Accuracy: White = 57%, Black = 58%.} 1-0